000 00888nam a2200301 i 4500
003 DO-SdBNP
005 20250108104156.0
007 ta
008 250108b2011 dr ||||| |||| 00| 0 spa d
020 _a9789945460711
040 _aDO-SdBNP
_bspa
_cBNPHU
_erda
041 _hspa
082 4 _aRD863.44
_bC422
_222
100 _aCéspedes, Diógenes
_eautor
_986357
245 1 0 _aLa sangre ajena :
_bcuentos /
_cDiógenes Céspedes
264 _aSanto Domingo :
_bSantuario,
_c2011
300 _a116 páginas ;
_c24 cm.
336 _2rdacontent
_atexto
_btxt
337 _2rdamedia
_asin mediación
_bn
338 _2rdacarrier
_avolumen
_bnc
500 _aPremio Nacional de literatura 2007
586 _aPremio Nacional de literatura 2007
590 _aInventariado, 2025/DG
650 4 _aCuentos dominicanos
650 4 _aLiteratura dominicana
910 _aDG
942 _2ddc
_cLBS1
999 _c58002
_d58002